000 00728nam a22001697a 4500
003 OSt
005 20251201165331.0
008 251201b |||||||| |||| 00| 0 eng d
040 _cDCL
082 _a၂၉၄.၃၅၆
100 _aရွှေဟင်္သာတောရဆရာတော်။
245 1 0 _aဩဝါဒရတနာသုတပဒေသာ /
_cရွှေဟင်္သာတောရဆရာတော်။
264 _aရန်ကုန် ၊
_bသာသနာရေးဦးစီး၊
_c၁၉၈၄။
300 _aဠ၊ ၃၃၄ စာမျက်နှာ ၊
_c၂၀ စင်တီ။
650 _aဗုဒ္ဓဘာသာ
_vဩဝါဒ
942 _2ddc
_cSHORT TERM
_n0
999 _c2651
_d2651